|
|
|
|
| LEADER |
00803cam a22002171a 4500 |
| 001 |
c000217610 |
| 003 |
CARM |
| 005 |
19920302000000.0 |
| 008 |
851211s1946 nyua b 000 0 eng d |
| 019 |
1 |
|
|a 24414390
|z 4003297
|z 24414391
|5 LACONCORD2021
|
| 035 |
|
|
|a (OCoLC)217258940
|5 LACONCORD2021
|
| 040 |
|
|
|a ANL
|b eng
|c ANL
|d ANL
|
| 082 |
0 |
4 |
|a 629.8/32
|
| 100 |
1 |
|
|a MacColl, Le Roy Archibald,
|d 1896-
|
| 245 |
1 |
0 |
|a Fundamental theory of servomechanisms /
|c by LeRoy A. MacColl.
|
| 260 |
|
|
|a New York :
|b Van Nostrand,
|c 1946.
|
| 300 |
|
|
|a 1 v.
|
| 650 |
|
0 |
|a Servomechanisms.
|
| 852 |
8 |
|
|b CARM
|h A2:AL26A0
|i B06190
|p 0270924
|f BK
|
| 999 |
f |
f |
|i ce18192b-02ac-56e6-b0d3-c7f66fea192f
|s eee377ff-8774-5c24-af2a-8abb04b1f491
|
| 952 |
f |
f |
|p Can circulate
|a CAVAL
|b CAVAL
|c CAVAL
|d CARM 1 Store
|e B06190
|f A2:AL26A0
|h Other scheme
|i book
|m 0270924
|